Family names : (Record no. 426)

MARC details
000 -LEADER
fixed length control field 00801cam a2200265 a 4500
005 - DATE AND TIME OF LATEST TRANSACTION
control field 20260322212019.0
008 - FIXED-LENGTH DATA ELEMENTS--GENERAL INFORMATION
fixed length control field data
010 ## - LIBRARY OF CONGRESS CONTROL NUMBER
LC control number 81018646
020 ## - INTERNATIONAL STANDARD BOOK NUMBER
International Standard Book Number 0025521004 :
Terms of availability {dollar}16.95
020 ## - INTERNATIONAL STANDARD BOOK NUMBER
International Standard Book Number 9780025521001 :
Terms of availability {dollar}16.95
040 ## - CATALOGING SOURCE
Original cataloging agency DLC
Transcribing agency DLC
Modifying agency DLC
043 ## - GEOGRAPHIC AREA CODE
Geographic area code n-us---
050 00 - LIBRARY OF CONGRESS CALL NUMBER
Classification number CS2487
Item number .H66 1982
082 00 - DEWEY DECIMAL CLASSIFICATION NUMBER
Classification number 929.4/2/0973
Edition information 19
092 ## - LOCALLY ASSIGNED DEWEY CALL NUMBER (OCLC)
Classification number 929.4 H66 1982
001 - CONTROL NUMBER
control field data
100 1# - MAIN ENTRY--PERSONAL NAME
Personal name Hook, J. N.
Dates associated with a name 1913-
Fuller form of name (Julius Nicholas),
245 10 - TITLE STATEMENT
Title Family names :
Remainder of title how our surnames came to America /
Statement of responsibility, etc. J. N. Hook.
260 ## - PUBLICATION, DISTRIBUTION, ETC.
Place of publication, distribution, etc. London :
Name of publisher, distributor, etc. Collier Macmillan,
Place of publication, distribution, etc. London :
Name of publisher, distributor, etc. Collier Macmillan,
Date of publication, distribution, etc. c1982.
300 ## - PHYSICAL DESCRIPTION
Extent 388 p. ;
Dimensions 22 cm.
500 ## - GENERAL NOTE
General note Includes index.
504 ## - BIBLIOGRAPHY, ETC. NOTE
Bibliography, etc. note Bibliography: p. 363-365.
650 #0 - SUBJECT ADDED ENTRY--TOPICAL TERM
Topical term or geographic name entry element Names, Personal
Geographic subdivision United States.
650 #0 - SUBJECT ADDED ENTRY--TOPICAL TERM
Topical term or geographic name entry element Ethnology
Geographic subdivision United States.
Holdings
Withdrawn status Lost status Damaged status Not for loan Home library Current library Shelving location Date acquired Total checkouts Full call number Barcode Date last seen Price effective from Koha item type
        Troy Troy General stacks 22/03/2026   929.4/2/0973 19 BC0010437 22/03/2026 22/03/2026 Books